| 000 | 01163nam0a22003011 4500 | ||
|---|---|---|---|
| 001 | rc\2353734 | ||
| 005 | 20250623052033.0 | ||
| 035 | _a(NLR Aleph) 006592260 | ||
| 090 |
_a7158857 _c7158857 |
||
| 100 | _a20110829d1977 |||y0rusy50 ca | ||
| 101 | 0 | _arus | |
| 102 | _aRU | ||
| 105 | _aa z ||||| | ||
| 200 | 1 | _aИспользование пультового телетайпа ЭВМ СДС-1604А для редактирования фортранных текстов в процессе чтения перфокарт программы | |
| 210 |
_aДубна _cБ. и. _d1977 |
||
| 215 |
_a12 с. _cил. _d21 |
||
| 225 | 1 |
_aСообщ. Объедин. ин-та ядерных исследований _vР11-10612 |
|
| 300 | _aПеред загл. авт.: Ф. Которобай, Я. Ружичка, Ю.В. Столярский | ||
| 320 | _aБиблиогр.: с. 12 | ||
| 700 | 1 |
_aКоторобай _bФ. |
|
| 701 | 1 |
_aСтолярский _bЮ.В. |
|
| 701 | 1 |
_aРужичка _bЯ. |
|
| 801 | 0 |
_aRU _bNLR _gpsbo |
|
| 801 | 1 |
_aRU _bELAR _2rusmarc |
|
| 852 |
_aNLR _jП11/2061+11-10612 |
||
| 899 |
_aRuMoRGB _jXXV 13/49 |
||
| 942 | _cBOOK | ||
| 980 | _aNB | ||